Normal view
MARC view
- Shaw, Elizbeth M, Beven,Keith J , Chappell, Nick A and Lamb, Rob
Entry Personal Name
001 - CONTROL NUMBER
- control field: 4937
003 - CONTROL NUMBER IDENTIFIER
- control field: JO-AjAnu
005 - DATE AND TIME OF LATEST TRANSACTION
- control field: 20230606071114.0
008 - FIXED-LENGTH DATA ELEMENTS
- fixed length control field: 230606|| aca||aabn | a|a d
040 ## - CATALOGING SOURCE
- Original cataloging agency: JO-AjAnu
- Transcribing agency: JO-AjAnu
100 ## - HEADING--PERSONAL NAME
- Personal name: Shaw, Elizbeth M, Beven,Keith J , Chappell, Nick A and Lamb, Rob
670 ## - SOURCE DATA FOUND
- Source citation: Work cat.: (JO-AjAnu)2552: Shaw, Elizbeth M, Beven,Keith J , Chappell, Nick A and Lamb, Rob, author, Hydrology in Practice